• 首页
  • 本馆介绍
  • 公告通知
  • 最新文献
  • 馆藏检索
  • 电子资源
  • 读者导购
  • 参考咨询
  • 我的图书馆
  • 登录
  • 详细信息显示
  • 放入我的书架
  • 预约/预借图书
  • 作者相关作品
  • 分类相关作品
  • 丛书相关作品
  • 出版社相关作品

书目信息

  • 表格格式
  • 工作单格式
  • 卡片格式
题名:
技术经济学概论
    
 
作者: 吴添祖 , 虞晓芬 , 龚建立 主编
分册:  
出版信息: 北京   高等教育出版社  2010
页数: 349页
开本: 23cm
丛书名:
单 册:
中图分类: F062.4
科图分类:
主题词: 技术经济学--高等教育--教材 , 技术经济学
电子资源:
ISBN: 978-7-04-026035-9
000 01029nam0 2200289 450
001 523
005 20140908151000.78
010    @a978-7-04-026035-9@dCNY34.00
100    @a20100507d2010 em y0chiy50 ea
101 0  @achi
102    @aCN@b110000
105    @ay z 000yy
106    @ar
200 1  @a技术经济学概论@AJi Shu Jing Ji Xue Gai Lun@f吴添祖,虞晓芬,龚建立主编@FWu Tian Zu, Yu Xiao Fen, Gong Jian Li Zhu Bian
205    @a3版
210    @a北京@c高等教育出版社@d2010
215    @a349页@d23cm
300    @a普通高等教育“十一五”国家级规划教材 面向21世纪课程教材 高等学校经济管理类基础课程教材
330    @a本书主要内容包括导论、技术创新、经济性评价基本要素、经济性评价基本方法、不确定性与风险分析等。
606 0  @a技术经济学@x高等教育@j教材
606 0  @a技术经济学
690    @aF062.4@v5
701  0 @a吴添祖@AWu Tian Zu@f(1938~)@4主编
701  0 @a虞晓芬@AYu Xiao Fen@f(1965~)@4主编
701  0 @a龚建立@AGong Jian Li@4主编
801  0 @aCN@bTANGWEI@c20140603
905    @b0840031-33@dF062.4@e125=3@f3
    
    技术经济学概论/吴添祖,虞晓芬,龚建立主编.-3版.-北京:高等教育出版社,2010
    349页;23cm
    普通高等教育“十一五”国家级规划教材 面向21世纪课程教材 高等学校经济管理类基础课程教材
    
    ISBN 978-7-04-026035-9:CNY34.00
    本书主要内容包括导论、技术创新、经济性评价基本要素、经济性评价基本方法、不确定性与风险分析等。
●
相关链接 在E读中查询图书 在五车中查询图书 在当当中查询图书 在豆瓣中查询图书


正题名:技术经济学概论     索取号:F062.4/125=3         预约/预借

序号 登录号 条形码 馆藏地/架位号 状态 备注
1 0840031   208400318   第一样本阅览室/ [索取号:F062.4/125=3] 在馆    
2 0840032   208400327   第一借阅区/ [索取号:F062.4/125=3] 在馆    
3 0840033   208400336   密集书库-海洋学院/ [索取号:F062.4/125=3] 在馆    
唐山师范学院图书馆 欢迎您!
大连网信软件有限公司© 版权所有